header

Enhancing building performance (Record no. 52758)

MARC details
000 -LEADER
fixed length control field 02127nam a2200385 a 4500
082 04 - DEWEY DECIMAL CLASSIFICATION NUMBER
Classification number 690.2
245 00 - TITLE STATEMENT
Title Enhancing building performance
260 ## - PUBLICATION, DISTRIBUTION, ETC. (IMPRINT)
Place of publication Hoboken, N.J. :
Name of publisher Wiley,
Year of publication 2012.
300 ## - PHYSICAL DESCRIPTION
Number of Pages xxix, 330 p. :
Other physical details ill.
520 ## - SUMMARY, ETC.
Summary, etc "Enhancing Building Performance presents the latest BPE work, providing a systematic approach for those who wish to use BPE to deliver improved building performance that is responsive to the needs of stakeholders. With chapters written by experts from around the world the book demonstrates how to apply BPE to enhance building design. Topics covered include: evidence-based and integrative design processes, evaluation methods and tools, and education and knowledge transfer. In addition, case studies provide specific examples of how BPE has been used to study such things as the impact of workplace design on human productivity and innovation"--
650 #0 - SUBJECT ADDED ENTRY--TOPICAL TERM
Topical Term Architecture
Topical Term Architectural design
Topical Term Buildings
Topical Term Buildings
Topical Term Office layout
700 1# - ADDED ENTRY--PERSONAL NAME
Personal name Mallory-Hill, Shauna.
Personal name Preiser, Wolfgang F. E.
Personal name Watson, Chris.
856 40 - ELECTRONIC LOCATION AND ACCESS
Uniform Resource Identifier http://site.ebrary.com/lib/rucke/Doc?id=10630488
520 ## - SUMMARY, ETC.
-- Provided by publisher.

No items available.

© 2026 Rongo University
Contact us: librarian | system librarian | Rongo university